00611 2200205 4500001002100000005001500021035002000036245009800056100001800154250001000172300004000182260004400222082000800266084001400274020001900288600003100307600002700338504002000365990002000385INLIS00000000000529620250508074445 a0010-05250000051 a10 Steps To A More Fulfilling Life Menjadi Pribadi Yang Bahagia & Inspiratif /cDale Carnegie0 aDale Carnegie aCet.2 a269 hlm, :bilus ;c14,7 x 22,5 cm. aJakarta; :bBhuana Ilmu Populer,c2022. a152 a152 DAL s a978623040391-0 aPenyunting,Saptono Raharjo aDesain,Aditya ramadita aTentang Penulis a16199/P/BL/2025